Libertad
Zapisane w:
| 1. autor: | |
|---|---|
| Format: | Książka |
| Język: | angielski |
| Wydane: |
Valparaíso, Chile.
Universidad de Valparaíso, Manifiestos,
2017
|
| Wydanie: | Primera edición |
| Hasła przedmiotowe: | |
| Etykiety: |
Dodaj etykietę
Nie ma etykietki, Dołącz pierwszą etykiete!
|
MARC
| LEADER | 00000nam a22000007a 4500 | ||
|---|---|---|---|
| 003 | CL-VaPUC | ||
| 005 | 20211206152308.0 | ||
| 008 | 211129b2017 ||||| |||| 00| 0 eng d | ||
| 999 | |c 434193 |d 434191 | ||
| 020 | |a 978-956-214-173-4 | ||
| 040 | |c Pontificia Universidad Católica de Valparaíso | ||
| 082 | |a 340.112 SQU 2017 | ||
| 100 | 1 | |a Squella, Agustín |9 258021 |e autor | |
| 245 | |a Libertad | ||
| 250 | |a Primera edición | ||
| 260 | |a Valparaíso, Chile. |b Universidad de Valparaíso, Manifiestos, |c 2017 | ||
| 300 | |a 90 páginas | ||
| 500 | |a Donación de la Srta. María Soledad Pardo, alumna doctoranda. Memo DER 005 08-11-2021 | ||
| 583 | |c 20211129 |k Sebastián Perez | ||
| 650 | 0 | |a Libertad |9 255686 | |
| 650 | 0 | |a Filosofía del derecho |9 255050 | |
| 942 | |2 ddc |c BK | ||
| 952 | |0 0 |1 0 |2 ddc |4 0 |6 340_112000000000000_SQU_2017 |7 0 |8 A |9 579399 |a BIBDER |b BIBDER |d 2021-11-29 |e Donación |i 5627443 |o 340.112 SQU 2017 |p 5627443 |r 2023-01-25 |t 1 |w 2021-11-29 |y BK |k DER | ||